<?xml version="1.0" encoding="UTF-8"?>
<collection xmlns="http://www.loc.gov/MARC21/slim">
 <record>
  <leader>02707nam a22003017a 4500</leader>
  <controlfield tag="001">NCT_46734</controlfield>
  <controlfield tag="008">180713b        xxu||||| |||| 00| 0 vie d</controlfield>
  <datafield tag="999" ind1=" " ind2=" ">
   <subfield code="c">2236</subfield>
   <subfield code="d">2236</subfield>
  </datafield>
  <datafield tag="020" ind1=" " ind2=" ">
   <subfield code="c">34000</subfield>
  </datafield>
  <datafield tag="082" ind1="0" ind2="4">
   <subfield code="2">23rd ed.</subfield>
   <subfield code="a">005.133</subfield>
   <subfield code="b">S312</subfield>
  </datafield>
  <datafield tag="100" ind1="1" ind2=" ">
   <subfield code="a">Nguyễn Trường Sinh</subfield>
   <subfield code="e">Chủ biên</subfield>
  </datafield>
  <datafield tag="245" ind1="1" ind2="0">
   <subfield code="a">Sổ tay HTML &amp; JavaScript</subfield>
   <subfield code="c">Nguyễn Trường Sinh (chủ biên)</subfield>
  </datafield>
  <datafield tag="260" ind1=" " ind2=" ">
   <subfield code="a">H.</subfield>
   <subfield code="b">Lao động Xã hội</subfield>
   <subfield code="c">2006</subfield>
  </datafield>
  <datafield tag="300" ind1=" " ind2=" ">
   <subfield code="a">396 tr.</subfield>
   <subfield code="b">minh họa</subfield>
   <subfield code="c">16cm</subfield>
  </datafield>
  <datafield tag="520" ind1="3" ind2=" ">
   <subfield code="a">JavaScript là ngôn ngữ mã kịch bản đơn giản, dựa trên đối tượng, có thể được nhúng trong trang HTML. Phần này khởi đầu với những vấn đề chủ yếu của ngôn ngữ JavaScript, tiếp theo là tài liệu về JavaScript phía người dùng (sử dụng trong trình duyệt Web). Phần cuối là tham chiếu nhanh về những API JavaScript chủ yếu và API phía người dùng. </subfield>
  </datafield>
  <datafield tag="653" ind1=" " ind2=" ">
   <subfield code="a">Công nghệ thông tin</subfield>
  </datafield>
  <datafield tag="942" ind1=" " ind2=" ">
   <subfield code="2">ddc</subfield>
   <subfield code="c">BK</subfield>
  </datafield>
  <datafield tag="952" ind1=" " ind2=" ">
   <subfield code="0">0</subfield>
   <subfield code="1">0</subfield>
   <subfield code="2">ddc</subfield>
   <subfield code="4">0</subfield>
   <subfield code="6">005_133000000000000_S312</subfield>
   <subfield code="7">0</subfield>
   <subfield code="9">12760</subfield>
   <subfield code="a">000001</subfield>
   <subfield code="b">000001</subfield>
   <subfield code="d">2018-07-13</subfield>
   <subfield code="o">005.133 S312</subfield>
   <subfield code="p">MD.05324</subfield>
   <subfield code="r">2018-07-13</subfield>
   <subfield code="v">34000.00</subfield>
   <subfield code="w">2018-07-13</subfield>
   <subfield code="y">BK</subfield>
  </datafield>
  <datafield tag="952" ind1=" " ind2=" ">
   <subfield code="0">0</subfield>
   <subfield code="1">0</subfield>
   <subfield code="2">ddc</subfield>
   <subfield code="4">0</subfield>
   <subfield code="6">005_133000000000000_S312</subfield>
   <subfield code="7">0</subfield>
   <subfield code="9">12761</subfield>
   <subfield code="a">000001</subfield>
   <subfield code="b">000001</subfield>
   <subfield code="d">2018-07-13</subfield>
   <subfield code="o">005.133 S312</subfield>
   <subfield code="p">MD.05325</subfield>
   <subfield code="r">2018-07-13</subfield>
   <subfield code="v">34000.00</subfield>
   <subfield code="w">2018-07-13</subfield>
   <subfield code="y">BK</subfield>
  </datafield>
  <datafield tag="952" ind1=" " ind2=" ">
   <subfield code="0">0</subfield>
   <subfield code="1">0</subfield>
   <subfield code="2">ddc</subfield>
   <subfield code="4">0</subfield>
   <subfield code="6">005_133000000000000_S312</subfield>
   <subfield code="7">0</subfield>
   <subfield code="9">12762</subfield>
   <subfield code="a">000001</subfield>
   <subfield code="b">000001</subfield>
   <subfield code="d">2018-07-13</subfield>
   <subfield code="l">1</subfield>
   <subfield code="o">005.133 S312</subfield>
   <subfield code="p">MD.05326</subfield>
   <subfield code="r">2018-10-03</subfield>
   <subfield code="s">2018-09-26</subfield>
   <subfield code="v">34000.00</subfield>
   <subfield code="w">2018-07-13</subfield>
   <subfield code="y">BK</subfield>
  </datafield>
  <datafield tag="952" ind1=" " ind2=" ">
   <subfield code="0">0</subfield>
   <subfield code="1">0</subfield>
   <subfield code="2">ddc</subfield>
   <subfield code="4">0</subfield>
   <subfield code="6">005_133000000000000_S312</subfield>
   <subfield code="7">0</subfield>
   <subfield code="9">12763</subfield>
   <subfield code="a">000001</subfield>
   <subfield code="b">000001</subfield>
   <subfield code="d">2018-07-13</subfield>
   <subfield code="o">005.133 S312</subfield>
   <subfield code="p">MD.05327</subfield>
   <subfield code="r">2018-07-13</subfield>
   <subfield code="v">34000.00</subfield>
   <subfield code="w">2018-07-13</subfield>
   <subfield code="y">BK</subfield>
  </datafield>
  <datafield tag="952" ind1=" " ind2=" ">
   <subfield code="0">0</subfield>
   <subfield code="1">0</subfield>
   <subfield code="2">ddc</subfield>
   <subfield code="4">0</subfield>
   <subfield code="6">005_133000000000000_S312</subfield>
   <subfield code="7">0</subfield>
   <subfield code="9">12764</subfield>
   <subfield code="a">000001</subfield>
   <subfield code="b">000001</subfield>
   <subfield code="d">2018-07-13</subfield>
   <subfield code="l">1</subfield>
   <subfield code="o">005.133 S312</subfield>
   <subfield code="p">MD.05328</subfield>
   <subfield code="r">2019-11-05</subfield>
   <subfield code="s">2019-10-25</subfield>
   <subfield code="v">34000.00</subfield>
   <subfield code="w">2018-07-13</subfield>
   <subfield code="y">BK</subfield>
  </datafield>
  <datafield tag="952" ind1=" " ind2=" ">
   <subfield code="0">0</subfield>
   <subfield code="1">0</subfield>
   <subfield code="2">ddc</subfield>
   <subfield code="4">0</subfield>
   <subfield code="6">005_133000000000000_S312</subfield>
   <subfield code="7">0</subfield>
   <subfield code="9">12765</subfield>
   <subfield code="a">000001</subfield>
   <subfield code="b">000001</subfield>
   <subfield code="d">2018-07-13</subfield>
   <subfield code="l">1</subfield>
   <subfield code="m">1</subfield>
   <subfield code="o">005.133 S312</subfield>
   <subfield code="p">MD.05329</subfield>
   <subfield code="r">2019-10-25</subfield>
   <subfield code="s">2019-10-03</subfield>
   <subfield code="v">34000.00</subfield>
   <subfield code="w">2018-07-13</subfield>
   <subfield code="y">BK</subfield>
  </datafield>
  <datafield tag="952" ind1=" " ind2=" ">
   <subfield code="0">0</subfield>
   <subfield code="1">0</subfield>
   <subfield code="2">ddc</subfield>
   <subfield code="4">0</subfield>
   <subfield code="6">005_133000000000000_S312</subfield>
   <subfield code="7">0</subfield>
   <subfield code="9">12766</subfield>
   <subfield code="a">000001</subfield>
   <subfield code="b">000001</subfield>
   <subfield code="d">2018-07-13</subfield>
   <subfield code="o">005.133 S312</subfield>
   <subfield code="p">MD.05330</subfield>
   <subfield code="r">2018-07-13</subfield>
   <subfield code="v">34000.00</subfield>
   <subfield code="w">2018-07-13</subfield>
   <subfield code="y">BK</subfield>
  </datafield>
  <datafield tag="952" ind1=" " ind2=" ">
   <subfield code="0">0</subfield>
   <subfield code="1">0</subfield>
   <subfield code="2">ddc</subfield>
   <subfield code="4">0</subfield>
   <subfield code="6">005_133000000000000_S312</subfield>
   <subfield code="7">0</subfield>
   <subfield code="9">12767</subfield>
   <subfield code="a">000001</subfield>
   <subfield code="b">000001</subfield>
   <subfield code="d">2018-07-13</subfield>
   <subfield code="o">005.133 S312</subfield>
   <subfield code="p">MD.05331</subfield>
   <subfield code="r">2018-07-13</subfield>
   <subfield code="v">34000.00</subfield>
   <subfield code="w">2018-07-13</subfield>
   <subfield code="y">BK</subfield>
  </datafield>
  <datafield tag="952" ind1=" " ind2=" ">
   <subfield code="0">0</subfield>
   <subfield code="1">0</subfield>
   <subfield code="2">ddc</subfield>
   <subfield code="4">0</subfield>
   <subfield code="6">005_133000000000000_S312</subfield>
   <subfield code="7">0</subfield>
   <subfield code="9">12768</subfield>
   <subfield code="a">000001</subfield>
   <subfield code="b">000001</subfield>
   <subfield code="d">2018-07-13</subfield>
   <subfield code="o">005.133 S312</subfield>
   <subfield code="p">MD.05332</subfield>
   <subfield code="r">2018-07-13</subfield>
   <subfield code="v">34000.00</subfield>
   <subfield code="w">2018-07-13</subfield>
   <subfield code="y">BK</subfield>
  </datafield>
  <datafield tag="952" ind1=" " ind2=" ">
   <subfield code="0">0</subfield>
   <subfield code="1">0</subfield>
   <subfield code="2">ddc</subfield>
   <subfield code="4">0</subfield>
   <subfield code="6">005_133000000000000_S312</subfield>
   <subfield code="7">0</subfield>
   <subfield code="9">12769</subfield>
   <subfield code="a">000001</subfield>
   <subfield code="b">000001</subfield>
   <subfield code="d">2018-07-13</subfield>
   <subfield code="o">005.133 S312</subfield>
   <subfield code="p">MD.05333</subfield>
   <subfield code="r">2018-07-13</subfield>
   <subfield code="v">34000.00</subfield>
   <subfield code="w">2018-07-13</subfield>
   <subfield code="y">BK</subfield>
  </datafield>
  <datafield tag="980" ind1=" " ind2=" ">
   <subfield code="a">Thư viện Trường Đại học Nam Cần Thơ</subfield>
  </datafield>
 </record>
</collection>
